Vianočné dieťa receptom na dlhovekosť je pre Alžbetu Bartošovú pieseň

Bibliographic Details
Format: Article
Language:Slovak
Subjects:
Online Access:www.vecernik.po.sk

MARC

LEADER 00000nab a2200000 a 4500
001 vtls008621666
003 SK-MaSNL
005 20260305041422.0
008 060210c20051214xo dr n 000 00slo
038 |a SVKPOCL 
040 |a SVKPOCL  |b slo  |c AACR2  |e AACR2 
041 |a slo 
044 |a xo  |c SK 
080 |a 312.28  |2 1997 
080 |a 929 Bartošová, Alžbeta  |2 1997 
245 0 0 |a Vianočné dieťa  |b receptom na dlhovekosť je pre Alžbetu Bartošovú pieseň  |c [autor] (mig) 
300 |a Fotogr. 
600 1 7 |a Bartošová, Alžbeta,  |d 1904-2008  |2 svkpocl  |9 115991 
650 0 7 |a životné jubileum  |2 svkpocl  |9 1041423 
650 0 7 |a výročie narodenia 101.  |2 svkpocl  |9 1026077 
651 7 |a Olejníkov (Slovensko)  |2 svkpocl  |9 74922 
651 7 |a Sabinov (Slovensko : okres)  |2 svkpocl  |9 29014 
651 7 |a Prešov (Slovensko)  |2 svkpocl  |9 17347 
773 0 |t Prešovský večerník  |g Roč. XVI, č. 3857 (14.12.2005), s. 2  |x 1336-4030 
852 |a SVKPO  |b KIS3GCP 
856 4 1 |u www.vecernik.po.sk 
999 |c 3343607  |d 3345537